000 00426nam a22001457a 4500
020 _a9789389688115
082 _a616.998
_bJOP
245 _aJopling's Handbook of Leprosy /
_cEdited by Kabir Sardana; Ananta Khurana
250 _a6th Edition.
260 _aNew Delhi :
_bCBS Publishers & Distributors pvt Ltd,
_c2020.
300 _a448 p. ;
_bill,
_c24 cm.
563 _aPBK.
650 _aLeprosy
_9114308
942 _2ddc
_cBK
999 _c595671
_d595671